[Event "Wachtebeke-A"]
[Site "Wachtebeke"]
[Date "2024.02.14"]
[Round "8"]
[White "Hauchamps, Maxime"]
[Black "Victor, Julian"]
[Result "0-1"]
[WhiteElo "2262"]
[BlackElo "2289"]
[PlyCount "76"]
[EventDate "2024.02.10"]
[EventType "tourn"]
[EventRounds "9"]
[EventCountry "BEL"]
[EventCategory "3"]
[SourceTitle "CB09_2024"]
[SourceDate "2024.02.28"]
[SourceVersion "1"]
[SourceVersionDate "2024.02.28"]
[SourceQuality "1"]

1. e4 c6 2. d4 d5 3. e5 Bf5 4. h4 Qc7 5. c4 e6 6. Nc3 h6 7. Nge2 Ne7 8. Ng3 Bh7 9. Bd3 dxc4 10. Bxh7 Rxh7 11. Qe2 Nd7 12. Qxc4 0-0-0 13. 0-0 Nb6 14. Qd3 g6 15. Rd1 Nf5 16. Nxf5 gxf5 17. Bf4 Be7 18. Rac1 Kb8 19. g3 Rg7 20. Kf1 h5 21. Qb1 Nd5 22. Nxd5 Rxd5 23. a3 Rg4 24. f3 Rxf4 25. gxf4 Bxh4 26. Ke2 Qd8 27. Rg1 Rxd4 28. Rcd1 Qd5 29. Qc2 Qb5+ 30. Ke3 Rc4 31. Rd7 a6 32. Rg8+ Ka7 33. Qd1 Qxb2 34. Rd2 Rc3+ 35. Ke2 Qb5+ 36. Rd3 Qc4 37. Rg2 Rc2+ 38. Kf1 Rc1 0-1

[Event "EU-ch U14 31st"]
[Site "Mamaia"]
[Date "2023.09.13"]
[Round "8"]
[White "Hauchamps, Maxime"]
[Black "Kiladze, Luka"]
[Result "1-0"]
[WhiteElo "2216"]
[BlackElo "2030"]
[PlyCount "87"]
[EventDate "2023.09.05"]
[EventType "swiss"]
[EventRounds "9"]
[EventCountry "ROU"]
[SourceTitle "EXT 2024"]
[Source "ChessBase"]
[SourceDate "2023.10.10"]
[SourceVersion "1"]
[SourceVersionDate "2023.10.10"]
[SourceQuality "1"]

1. e4 c5 2. Nf3 Nc6 3. d4 cxd4 4. Nxd4 Nf6 5. Nc3 e5 6. Ndb5 d6 7. Bg5 a6 8. Na3 b5 9. Bxf6 gxf6 10. Nd5 f5 11. Bd3 Be6 12. c3 Bg7 13. Nxb5 axb5 14. Bxb5 Rc8 15. Qa4 Bd7 16. exf5 0-0 17. 0-0 Kh8 18. Qe4 Rg8 19. a4 Bh6 20. Rad1 Rg5 21. Ne3 Bf8 22. h4 Rg8 23. Nd5 h5 24. Qf3 Qxh4 25. Nb6 e4 26. Qe3 Ne5 27. Be2 Bxf5 28. Nxc8 Kh7 29. Nxd6 Bh3 30. Qxe4+ Qxe4 31. Nxe4 Rxg2+ 32. Kh1 f5 33. Nf6+ Kh6 34. Nd5 Ng4 35. Bxg4 Rxg4 36. Rg1 Rh4 37. Rd4 Bg4+ 38. Kg2 Bc5 39. Nf4 Be7 40. Kg3 Bg5 41. a5 Bxf4+ 42. Kxh4 Bg5+ 43. Kg3 h4+ 44. Kh2 1-0

[Event "BEL-ch"]
[Site "Bruges"]
[Date "2023.08.16"]
[Round "5"]
[White "Hauchamps, Maxime"]
[Black "Buhr, Carl Christian"]
[Result "1/2-1/2"]
[WhiteElo "2229"]
[BlackElo "2319"]
[PlyCount "84"]
[EventDate "2023.08.12"]
[EventType "tourn"]
[EventRounds "9"]
[EventCountry "BEL"]
[EventCategory "3"]
[SourceTitle "CBM 215 Extra"]
[Source "ChessBase"]
[SourceDate "2023.09.30"]
[SourceVersion "1"]
[SourceVersionDate "2023.09.30"]
[SourceQuality "1"]

1. e4 c5 2. Nf3 a6 3. c3 e6 4. d4 d5 5. e5 Bd7 6. Bd3 Nc6 7. 0-0 Rc8 8. a3 cxd4 9. cxd4 Qb6 10. Kh1 Na5 11. Bc2 Qc7 12. Nc3 Nc4 13. Bd3 g6 14. Ne2 Bg7 15. b3 Na5 16. Bd2 Nc6 17. Rc1 Qb6 18. b4 Nge7 19. Nc3 Na7 20. Na4 Rxc1 21. Bxc1 Bxa4 22. Qxa4+ Nec6 23. Be3 0-0 24. h4 Nb5 25. Rc1 f6 26. h5 fxe5 27. dxe5 d4 28. Bg5 Nxe5 29. Nxe5 Bxe5 30. hxg6 hxg6 31. Bxg6 Kg7 32. Bd3 Bf4 33. Rc5 e5 34. Bxf4 Rxf4 35. Bxb5 axb5 36. Qa8 Rxf2 37. Kg1 Rf8 38. Qa5 Qf6 39. Qc7+ Kg6 40. Qxe5 Qf2+ 41. Kh2 Qh4+ 42. Kg1 Qf2+ 1/2-1/2

[Event "BEL-ch"]
[Site "Bruges"]
[Date "2023.08.13"]
[Round "2"]
[White "Hauchamps, Maxime"]
[Black "Anciaux, Adrien"]
[Result "1/2-1/2"]
[WhiteElo "2229"]
[BlackElo "2282"]
[PlyCount "105"]
[EventDate "2023.08.12"]
[EventType "tourn"]
[EventRounds "9"]
[EventCountry "BEL"]
[EventCategory "3"]
[SourceTitle "CBM 215 Extra"]
[Source "ChessBase"]
[SourceDate "2023.09.30"]
[SourceVersion "1"]
[SourceVersionDate "2023.09.30"]
[SourceQuality "1"]

1. d4 f5 2. c4 Nf6 3. g3 e6 4. Bg2 d5 5. Nf3 Bd6 6. 0-0 c6 7. b3 Qe7 8. Qc2 0-0 9. Ne5 Nbd7 10. Nd3 dxc4 11. Qxc4 Kh8 12. Qc2 e5 13. dxe5 Nxe5 14. Nxe5 Bxe5 15. Ba3 Bd6 16. Bxd6 Qxd6 17. e3 Be6 18. Rd1 Qe7 19. Nc3 Rad8 20. Qb2 Rxd1+ 21. Rxd1 Rd8 22. Qc2 Rxd1+ 23. Qxd1 Qd7 24. Qxd7 Bxd7 25. Kf1 Kg8 26. Ke2 Kf7 27. h3 h6 28. Kd3 b6 29. b4 Ke6 30. Nd1 Nd5 31. a3 Nc7 32. Nb2 Nb5 33. a4 Nc7 34. Kc3 Na6 35. g4 g6 36. Nd3 Kd6 37. gxf5 gxf5 38. f4 c5 39. b5 Nc7 40. Ne5 Be6 41. Bb7 Bd5 42. Bc8 Be4 43. Kd2 Nd5 44. Bb7 Nf6 45. Bc8 Nd5 46. Nc4+ Ke7 47. Bb7 Nf6 48. Bc8 Kd8 49. Be6 Ke7 50. Bc8 Kd8 51. Be6 Ke7 52. Bc8 Kd8 53. Be6 1/2-1/2

[Event "Wch U14"]
[Site "Mamaia"]
[Date "2022.09.16"]
[Round "11"]
[White "Akkarakaran, John Veny"]
[Black "Hauchamps, Maxime"]
[Result "0-1"]
[WhiteElo "1971"]
[BlackElo "2063"]
[PlyCount "82"]
[EventDate "2022.09.06"]
[EventType "swiss"]
[EventRounds "11"]
[EventCountry "ROU"]
[SourceTitle "CBM 210 Extra"]
[Source "ChessBase"]
[SourceDate "2022.11.30"]
[SourceVersion "1"]
[SourceVersionDate "2022.11.30"]
[SourceQuality "1"]

1. e4 c5 2. Nf3 e6 3. d4 cxd4 4. Nxd4 Nc6 5. Nc3 Qc7 6. a3 a6 7. Be3 b5 8. Nxc6 Qxc6 9. Be2 Bb7 10. Qd3 b4 11. axb4 Bxb4 12. Bf3 Nf6 13. e5 Nd5 14. 0-0 Bxc3 15. bxc3 Qc7 16. Bd4 0-0 17. Qd2 Rfb8 18. Bxd5 Bxd5 19. f4 a5 20. g4 Bb7 21. h3 d6 22. Kh2 a4 23. h4 a3 24. h5 Be4 25. Qe1 d5 26. h6 Rb2 27. Qg3 a2 28. f5 Rab8 29. Qf4 Rxc2+ 30. Kg3 Rg2+ 31. Kh3 exf5 32. gxf5 Rbb2 33. hxg7 Qe7 34. Bf2 Rc2 35. Rac1 Rb2 36. Ra1 Qc7 37. Bd4 Qc4 38. e6 Qd3+ 39. Kh4 f6 40. Bf2 Bxf5 41. Bg3 Rh2+ 0-1

[Event "Wch U14"]
[Site "Mamaia"]
[Date "2022.09.13"]
[Round "8"]
[White "Hauchamps, Maxime"]
[Black "Costa, Leonardo"]
[Result "0-1"]
[WhiteElo "2063"]
[BlackElo "2392"]
[PlyCount "98"]
[EventDate "2022.09.06"]
[EventType "swiss"]
[EventRounds "11"]
[EventCountry "ROU"]
[SourceTitle "CBM 210 Extra"]
[Source "ChessBase"]
[SourceDate "2022.11.30"]
[SourceVersion "1"]
[SourceVersionDate "2022.11.30"]
[SourceQuality "1"]

1. e4 c6 2. d4 d5 3. e5 Bf5 4. h4 h5 5. Bd3 Bxd3 6. Qxd3 Qa5+ 7. Nd2 e6 8. Ngf3 Nh6 9. 0-0 Nf5 10. c4 Be7 11. g3 Qa6 12. b3 Nd7 13. Qc2 0-0 14. Re1 b6 15. Nf1 Qb7 16. Ne3 Nxe3 17. fxe3 dxc4 18. bxc4 c5 19. Rf1 Rac8 20. Qe2 Qe4 21. Ba3 Qg4 22. Rf2 f6 23. exf6 Rxf6 24. Raf1 Rcf8 25. Bb2 Qxg3+ 26. Rg2 Qh3 27. dxc5 Bxc5 28. Bxf6 Nxf6 29. Nd4 Bxd4 30. exd4 Qxh4 31. Qxe6+ Kh8 32. Qe5 Re8 33. Qg5 Qxd4+ 34. Kh1 Re7 35. Rf4 Qd1+ 36. Kh2 Qd6 37. Qf5 Re4 38. Rgf2 Ng4+ 39. Kg1 Nxf2 40. Rxe4 Nxe4 41. Qxh5+ Qh6 42. Qe8+ Kh7 43. Qxe4+ Qg6+ 44. Qg2 Qxg2+ 45. Kxg2 Kg6 46. Kf2 Kf5 47. Kf3 Ke5 48. Ke3 a5 49. a4 g5 0-1

[Event "Wch FIDE Online U12 Europe qual"]
[Site "Tornelo INT"]
[Date "2020.12.08"]
[Round "3"]
[White "Samunenkov, Igor"]
[Black "Hauchamps, Maxime"]
[Result "1-0"]
[WhiteElo "2122"]
[BlackElo "1683"]
[PlyCount "105"]
[EventDate "2020.12.07"]
[EventType "swiss (rapid)"]
[EventRounds "7"]
[EventCountry "ISS"]
[SourceTitle "EXT 2022"]
[Source "ChessBase"]
[SourceDate "2021.10.06"]
[SourceVersion "1"]
[SourceVersionDate "2021.10.06"]
[SourceQuality "1"]

1. d4 Nf6 2. g3 g6 3. Bg2 d5 4. Nf3 Bg7 5. c4 c6 6. Qb3 0-0 7. Nc3 e6 8. 0-0 Nbd7 9. cxd5 exd5 10. Bf4 Nh5 11. Bg5 Qc7 12. Rac1 Qb6 13. Qc2 h6 14. Bd2 Re8 15. e4 dxe4 16. Nxe4 Nhf6 17. Nd6 Re6 18. Nc4 Qd8 19. Nfe5 Nxe5 20. dxe5 Nd5 21. f4 Qc7 22. Nd6 Qb6+ 23. Kh1 Ne3 24. Bxe3 Qxe3 25. f5 Rxd6 26. exd6 Bxf5 27. Qc4 Rd8 28. Rce1 Qd2 29. Rd1 Qxb2 30. Rfe1 Be6 31. Qh4 g5 32. Qh5 Qxa2 33. h4 Qc4 34. hxg5 Bg4 35. Qh4 hxg5 36. Qxg5 f6 37. Qh4 b5 38. Re4 Qc2 39. Qxg4 f5 40. Qe2 Qc3 41. Re8+ Rxe8 42. Qxe8+ Kh7 43. Qh5+ Kg8 44. d7 Bf6 45. d8Q+ Bxd8 46. Qg6+ Kf8 47. Rxd8+ Ke7 48. Qe8+ Kf6 49. Qh8+ Ke7 50. Qxc3 Kxd8 51. Qxc6 b4 52. Qb7 a5 53. Bc6 1-0

[Event "Online Friendship U12"]
[Site "Tornelo INT"]
[Date "2020.11.21"]
[Round "2.1"]
[White "Urivskiy, Arseniy A"]
[Black "Hauchamps, Maxime"]
[Result "1-0"]
[WhiteElo "1444"]
[BlackElo "1683"]
[PlyCount "73"]
[EventDate "2020.11.21"]
[EventType "team-swiss"]
[EventRounds "7"]
[EventCountry "BLR"]
[SourceTitle "CBM 199 Extra"]
[Source "ChessBase"]
[SourceDate "2021.01.31"]
[SourceVersion "1"]
[SourceVersionDate "2021.01.31"]
[SourceQuality "1"]
[WhiteTeam "Russia Chess School"]
[BlackTeam "Belgium"]
[WhiteTeamCountry "RUS"]
[BlackTeamCountry "BEL"]

1. d4 Nf6 2. c4 e6 3. Nf3 d5 4. Nc3 Nbd7 5. Bg5 Be7 6. e3 h6 7. Bh4 0-0 8. Rc1 c5 9. cxd5 Nxd5 10. Bxe7 Qxe7 11. Nxd5 exd5 12. dxc5 Nf6 13. Be2 Bf5 14. 0-0 Rfc8 15. Nd4 Bd7 16. b4 a5 17. a3 axb4 18. axb4 Ra4 19. c6 bxc6 20. Qxa4 c5 21. Nb5 c4 22. Qa5 Bc6 23. Nd4 Bb7 24. h3 Qd6 25. Bg4 Nd7 26. Qb5 Rc7 27. Bxd7 Rxd7 28. Ra1 g6 29. Ra7 Bc8 30. Rxd7 Bxd7 31. Qc5 Qe5 32. Nc6 Qb2 33. Ne7+ Kg7 34. Qd4+ Qxd4 35. exd4 Kf6 36. Nxd5+ Ke6 37. Ne3 1-0